000 00541nam a2200205Ia 4500
005 20250428125746.0
008 250408s9999 xx 000 0 und d
037 _aReference
040 _aLCO
_beng
_cLCO
041 _aeng
_2eng
084 _aZ2,2,4qM82 Q8
_qLCO
100 _aSom, Adheer
_9753182
245 0 _aGumnami Baba
_c Adheer Som
260 _aLucknow, India
_bEastern Book Company
_c2022
300 _a261
365 _aINR
_b595
650 _aLaw
942 _cREF
_hZ2,2,4qM82 Q8
999 _c1309491
_d1309491